000 00409nam a22001697a 4500
999 _c525736
_d525736
003 NUST
020 _qP/B
038 _awaseem
082 _a891.4911
_bRIA
100 _aRiaz Raji
_916675
245 _aAmar Rachana /
_cRiaz Raji
260 _aLahore :
_bPanjind Academy,
_c1981.
300 _a112 p. ;
880 _6100-01\r
_aریاض راجی
880 _6245-02\r
_aامر رچنا /
942 _2ddc
_cBK